Personnages préférés dans Grey's Anatomy - Statistiques

Statistiques générales
  • Ce quiz a été pris 488 fois
  • Le résultat moyen est 6 sur 10
Statistiques - réponses
Top Personnages % Correct
9 Meredith Grey
97%
5 Cristina Yang
82%
1 Alex Karev
81%
3 Miranda Bailey
72%
4 Derek Shepherd
67%
8 Callie Torres
60%
6 Jackson Avery
56%
10 April Kepner
52%
7 Jo Wilson
42%
2 Arizona Robins
14%
Aucun quiz correspondant
Distribution des résultats
% des personnes avec chaque résultat
Percentile par nombre de réponses
Votre historique - résultats
Vous n’avez pas pris ce quiz